000 00713nam a2200181 i 4500
001 188362
003 ES-MaACL
005 20251002204752.0
008 180903s1926 fr |||| | fre d
245 0 0 _aTraité de pathologie médicale et de thérapeutique appliquée / publ. sous la dir. d'Émile Sergent, L. Ribadeau-Dumas, L. Babonneix.
_nXI,
_pAppareil digestif /
_cpar Jean-Charles Roux... [et al.].
260 _aParis :
_bNorbert Maloine,
_c1926.
300 _aVIII, 938 p. :
_bil. ;
_c21 cm.
650 0 4 _aAparato digestivo-
_xEnfermedades.
_99906
700 0 _aRoux, Jean Charles.
_9100110
700 1 _aSergent, Émile,
_d1867-1943
_9151848
852 _aES-MaACL
_jC-16741
999 _c188362
_d188362